Acteurs dans des films Hunger Games - Mort Subite - Statistiques

Statistiques générales
  • Ce quiz a été pris 123 fois
  • Le résultat moyen est 8 sur 15
Answers on the Grid
Answers color-coded by a green-red scale on the quiz's grid according to % correct below.
Jennifer Lawrence
Josh Hutcherson
Liam Hemsworth
Lenny Kravitz
Woody Harrelson
Elizabeth Banks
Donald Sutherland
Jeffrey Wright
Rachel Zegler
Peter Dinklage
Hunter Schafer
Mahershala Ali
Glenn Close
Jesse Plemons
Ralph Fiennes
Tom Hanks
Chris Hemsworth
Anya Taylor-Joy
Samuel L. Jackson
Jean-Luc Reichmann
Jack Black
Jason Momoa
Omar Sy
Viggo Mortensen
Keira Knightley
Kate Winslet
Cate Blanchett
Emily Blunt
Harrison Ford
Tom Hiddleston
 
Statistiques - réponses
Réponse % Correct
Katniss Everdeen Jennifer Lawrence
82%
Gale Hawthorne Liam Hemsworth
79%
Peeta Mellark Josh Hutcherson
74%
Lucy Gray Baird Rachel Zegler
68%
Cinna Lenny Kravitz
62%
Haymitch Abernathy dans la trilogie originale Woody Harrelson
61%
Effie Trinket dans la trilogie originale Elizabeth Banks
57%
Coriolanus Snow dans la trilogie originale Donald Sutherland
51%
Tigris Snow dans la Ballade du Serpent et de l'Oiseau Chanteur Hunter Schafer
49%
Casca Highbottom Peter Dinklage
40%
Plutarch Heavensbee dans Lever de Soleil sur la Moisson Jesse Plemons
37%
Coriolanus Snow dans Lever de Soleil sur la Moisson Ralph Fiennes
32%
Beetee Latier dans la trilogie originale Jeffrey Wright
30%
Boggs Mahershala Ali
30%
Drusilla Sickle Glenn Close
26%
Aucun quiz correspondant
Distribution des résultats
% des personnes avec chaque résultat
Percentile par nombre de réponses
Votre historique - résultats
Vous n’avez pas pris ce quiz